00340nam a2200109Ia 4500008004100000245008200041260004600123260000900169300000800178500001700186650002700203170224s9999 xx 000 0 und d 2aA Mobile authoring tool for AR content generation using images as annotations bPhilippine Information Technology Journal c2014 a7:1 aJanuary-June xInformation Technology